000 01123cam a2200325 a 4500
001 13809
003 BD-RjUL
005 20211208235521.0
008 140202s2006 ii a b 001 0 eng
020 _a032440588X (pbk.)
020 _a8131502775
020 _a9788131502778
035 _a(BD-RjUL)13861
040 _aDLC
_cDLC
_dDLC
_dUkOxU
_dBD-RjUL
_beng
041 _aeng
082 0 0 _a332.1068
_222
_bMAM 2006
100 1 _aMacDonald, S. Scott.
_d1957-
_qSteven
_943194
245 1 0 _aManagement of banking /
_cS. Scott MacDonald; Timothy W. Koch
250 _a6th ed.
260 _aIndia ;
_aMason, Ohio :
_bCENGAGE Learning ;
_bThomson/South-Western,
_cc2006.
300 _axiv, 562 p. :
_bill. ;
_c26 cm.
500 _aPrevious ed. published as Bank management / Timothy W. Koch, S. Scott MacDonald. Cincinnati : South-Western, 2003.
500 _aInternational student ed.
504 _aIncludes bibliographical references and index.
650 0 _aBank management.
_97777
700 1 _aKoch, Timothy W.
_tBank management.
_97982
942 _2ddc
_cBK
999 _c13809
_d13809